000 00630nam a2200181 4500
999 _c15877
_d15877
008 210104b ||||| |||| 00| 0 eng d
020 _a978-1-60991-165-2 (hardback)
082 _22016
_aDRef 031.02
_bR482
245 _aRipley's believe it or not! :
_bunlock the weird!
260 _aOrlando, FL :
_bRipley Entertainment Inc.,
_c[2016]
300 _a253 pages :
_b color illustrations ;
_c31 cm.
440 _aRipley's believe it or not! ;
_n13
_942701
500 _aIncludes index.
650 _aCuriosities and wonders.
_942707
650 _aTrivia and miscellanea.
_942704
365 _b190.00
_cPhp
942 _2ddc
_cDREF